Les pokémon de type glace (avec type indiqués) - Statistiques

Statistiques générales
  • Ce quiz a été pris 2 087 fois
  • Le résultat moyen est 27 sur 33
Statistiques - réponses
Génération Type(s) N°National Pokémon % Correct
1ère Glace Vol 144 Artikodin
95%
1ère Glace Psy 124 Lippoutou
92%
1ère Eau Glace 87 Lamantine
90%
4ème Glace Spectre 478 Momartik
90%
3ème Glace 362 Oniglali
90%
4ème Plante Glace 460 Blizzaroi
89%
3ème Glace 361 Stalgamin
89%
4ème Plante Glace 459 Blizzi
88%
2ème Tenebres Glace 215 Farfuret
88%
1ère Eau Glace 131 Lokhlass
88%
2ème Glace Sol 220 Marcacrin
87%
2ème Glace Sol 221 Cochignon
86%
4ème Tenebres Glace 461 Dimoret
86%
5ème Dragon Glace 646 Kyurem
86%
4ème Glace Sol 473 Mammochon
86%
3ème Glace Eau 365 Kaimorse
85%
3ème Glace Eau 363 Obalie
84%
3ème Glace Eau 364 Phogleur
84%
2ème Glace Psy 238 Lippouti
83%
5ème Glace 584 Sorbouboul
82%
5ème Glace 583 Sorboul
82%
1ère Eau Glace 91 Crustabri
81%
5ème Glace 582 Sorbebe
81%
5ème Glace 615 Hexagel
77%
5ème Glace 614 Polagriffe
75%
4ème Glace 471 Givrali
74%
5ème Glace 613 Polarhume
74%
3ème Glace 378 Regice
73%
2ème Glace Vol 225 Cadoizo
72%
6ème Glace 713 Seracrawl
70%
6ème Glace 712 Grelacon
69%
6ème Roche Glace 698 Amagara
67%
6ème Roche Glace 699 Dragmara
67%
Aucun quiz correspondant
Distribution des résultats
% des personnes avec chaque résultat
Percentile par nombre de réponses
Votre historique - résultats
Vous n’avez pas pris ce quiz